000 00822nam a22002537a 4500
003 0
005 20250925105229.0
008 250925b xxu||||| |||| 00| 0 eng d
020 _a978-1-266-26413-9
050 _aHD 62.7
_b.H57 2024
100 _aHisrich, Robert D.,
_eauthor.
245 _aEntrepreneurship /
_cRobert D. Hisrich, Michael P. Peters, and Dean A. Shepherd.
250 _aTwelfth edition.
260 _aNew York, NY :
_bMcGraw Hill LLC,
_c2024.
300 _axxiv, 552 pages :
_billustrations ;
_c26 cm.
504 _aIncludes index.
650 _aEntrepreneurship.
650 _aNew business enterprises.
650 _aSmall business
_xManagement.
650 _aCreative ability in business.
700 _aPeters, Michael P.,
_eauthor.
700 _aShepherd, Dean A.,
_eauthor.
942 _2lcc
_cBK
999 _c368099
_d368099